banner-ar

WASHINGTON, D.C OUR NATION'S CAPITAL / (Record no. 4554)

MARC details
000 -الفاتح
حقل البيانات ثابتة الطول 00598nam a2200193Ia 4500
008 - عناصر البيانات ثابتة الطول - معلومات عامة
حقل البيانات ثابتة الطول 140319s9999 xx 000 0 eng d
020 ## - الرقم الدولى المعيارى للكتب
الرقم الدولى المعيارى للكتاب 0062635220
040 ## - مصدر الفهرسة
وكالة الفهرسة الأصلية GCL /
وكالة النسخ GCL
082 04 - رقم تصنيف ديوى العشرى
رقم التصنيف 975.3
رقم المادة D W
100 1# - المدخل الرئيسى - إسم شخصى
الإسم الشخصى DAVIDSON, CAMERON
245 10 - بيان العنوان
العنوان WASHINGTON, D.C OUR NATION'S CAPITAL /
بيان المسئوليه,etc DAVIDSON, CAMERON
700 1# - المدخل الاضافى - اسم شخصى
الإسم الشخصى PARK, EDWARD
260 ## - PUBLICATION, DISTRIBUTION, ETC. (IMPRINT)
تاريخ النشر أو التوزيع 1994
300 ## - الوصف المادى
التعداد 127 P
تفاصيل ماديه اخرى للوعاء COL. ILL ؛
أبعاد الوعاء 22 cm.
650 04 - المدخل الاضافى بالموضوع-مصطلح موضوعى
مصطلح موضوعي WASHINGTON, D.C. - PICTORIAL WORKS
650 04 - المدخل الاضافى بالموضوع-مصطلح موضوعى
مصطلح موضوعي WASHINGTON, D.C. - DESCRIPTION AND TRAVEL
942 ## - عناصر المدخل الإضافي( كوها)
مصدر التصنيف او مخطط الترفيف Dewey Decimal Classification
Koha [default] item type كتاب
260 ## - PUBLICATION, DISTRIBUTION, ETC. (IMPRINT)
-- نيويورك :
-- HARPER COLLINS COLLEGE PUBLISBERS ،
Holdings
حالة التراجع حالة الفقد حالة تلف ليس للاعارة المكان المؤقت الموقع الحالى تاريخ الاكتساب اجمالي اﻻعارات رقم الطلب الباركود تاريخ اخر مشاهدة تاريخ تفعيل السعر نوع وعاء كوها
        مكتبة القاهرة الكبرى مكتبة القاهرة الكبرى 03/26/2014   975.3\D W 10321 03/26/2014 03/26/2014 كتاب
        مكتبة القاهرة الكبرى مكتبة القاهرة الكبرى 03/26/2014   975.3\D W 10322 03/26/2014 03/26/2014 كتاب

Powered By

EGPV